Inovácie a duševné vlastníctvo v medzinárodnom obchode a podnikaní diplomová práca

Guardado en:
Detalles Bibliográficos
Autor principal: Danížeková, Liliana
Autor Corporativo: Obchodná fakulta EU. Katedra medzinárodného obchodu
Otros Autores: Kittová, Zuzana, 1975-
Formato: Libro
Lenguaje:eslovaco
Publicado: Bratislava 2020
Etiquetas: Agregar Etiqueta
Sin Etiquetas, Sea el primero en etiquetar este registro!

MARC

LEADER 00000nbm a2200000 4500
001 0266340
005 20201008083035.0
041 0 |a slo 
044 |a SK 
245 1 0 |a Inovácie a duševné vlastníctvo v medzinárodnom obchode a podnikaní  |b diplomová práca  |c Liliana Danížeková ; školiteľ: Zuzana Kittová 
264 1 |a Bratislava  |c 2020 
300 |a 94 s. 
100 1 |a Danížeková, Liliana 
700 1 |a Kittová, Zuzana, 1975- 
710 2 |a Obchodná fakulta EU. Katedra medzinárodného obchodu